000
00259nam a22001097a 4500
008
170123b xxu||||| |||| 00| 0 eng d
020
_a
0781780551
041
_a
eng
080
_a
618.2
245
_a
MATERNITY AND PEDIATRIC NURSING
_c
RICCI, S.S
942
_2
udc
_c
BK
999
_c
3339
_d
3339